00755nac a22002171u 4500010001600000020001500016082002200031090001500053100003400068245007100102260003900173300003500212500002000247504003000267650002900297650003100326650003100357942002400388999001500412952011000427 a 87007703 a002949730200a621.3815324bN273 c4426d4426 aNatarajan, Sundaram. 10aTheory and design of linear active networks /cSundaram Natarajan. aNew York :bMacmillan,1987cc1987. axiii, 508 p. :bill. ;c25 cm. aIncludes index. aBibliography: p. 503-504. 0aElectric filters, Active 0aElectric circuits, Linear. 0aElectric networks, Active. cBBk621.3815324N273 c4426d4426 00104070aMAINbMAINc1STd2007-09-06ePurchasel0o621.3815324 NATp000000191r2025-07-15 00:00:00yBB